000 00731nam a2200253Ia 4500
003 OSt
005 20221006153125.0
006 a|||||r|||| 00| 0
007 ta
008 221006b |||||||| |||| 00| 0 jpn d
024 _a31,354
037 _bGift, Donated By Prof. Sonoko Hijikata
_cTextual
040 _aEASL
_cEASL
_bjpn
041 _2jpn
_ajpn
082 _aT:(X:89ZB), N5
100 _aSUZUKI Eiichi Ed.
_9662552
245 0 _aKyoiku kaikaku to kyoiku gyosei
260 _aTokyo
_bKeiso Shobo Japan
_c1995
300 _a456p.
_ccm.
490 _v JL
650 _aJL
942 _hT:(X:89ZB), N5
_cTEXL
_2CC
999 _c1099440
_d1099440